000 00390nam a2200145Ia 4500
008 131103s9999 xx 000 0 und d
040 _aLoreto College
041 _aEnglish
082 _a821.08/PER
_bLCLIB
245 _aPercy's releques of ancient English poetry
260 _aLondon
_bJ. M. Dent
_c1910
300 _a1v.
_c 17cm.
650 _aEnglish Poetry - Collections
942 _cBK
999 _c13028
_d63507